[Event "Buenos Aires-A"]
[Site "Buenos Aires"]
[Date "1999.??.??"]
[Round "?"]
[White "Pirotzky, Mario"]
[Black "De Luca, Oscar"]
[Result "1-0"]
[WhiteElo "2189"]
[BlackElo "2090"]
[PlyCount "83"]
[EventDate "1999.??.??"]
[EventType "tourn"]
[EventRounds "7"]
[EventCountry "ARG"]
[SourceTitle "EXT 2001"]
[Source "ChessBase"]
[SourceDate "2000.11.22"]
[SourceVersion "1"]
[SourceVersionDate "2000.11.22"]
[SourceQuality "1"]

1. e4 c5 2. Nf3 d6 3. d4 cxd4 4. Nxd4 Nf6 5. Nc3 e6 6. Bg5 a6 7. f4 Nbd7 8. Qf3 Be7 9. 0-0-0 0-0 10. g4 Qc7 11. Rg1 b5 12. Bxf6 Bxf6 13. g5 Bxd4 14. Rxd4 Qb6 15. Ne2 e5 16. Rd1 exf4 17. Qxf4 Ne5 18. Rg3 Be6 19. Bh3 Rae8 20. Bf5 g6 21. Rh3 f6 22. Qh4 Rf7 23. gxf6 Qd8 24. Bxe6 Rxe6 25. Nf4 Re8 26. Nd5 Qd7 27. Rg1 Qe6 28. Rhg3 Kh8 29. b3 a5 30. Rc3 b4 31. Rcg3 Ra8 32. Qf4 Rc8 33. h4 Rcf8 34. h5 Rxf6 35. Nxf6 Rxf6 36. Qe3 Kg7 37. hxg6 Nxg6 38. Rh1 Kg8 39. Rf3 Rxf3 40. Qxf3 Qe5 41. Kb1 a4 42. bxa4 1-0

[Event "Trenque Lauquen Masters"]
[Site "Buenos Aires"]
[Date "1998.10.05"]
[Round "?"]
[White "De Luca, Oscar"]
[Black "Fiorito, Fabian"]
[Result "0-1"]
[WhiteElo "2075"]
[BlackElo "2425"]
[PlyCount "60"]
[EventDate "1998.10.??"]
[EventType "tourn"]
[EventRounds "7"]
[EventCountry "ARG"]
[EventCategory "3"]
[SourceTitle "EXT 2000"]
[Source "ChessBase"]
[SourceDate "1999.11.16"]
[SourceVersion "1"]
[SourceVersionDate "1999.11.16"]
[SourceQuality "1"]

1. e4 c5 2. Nf3 d6 3. d4 cxd4 4. Nxd4 Nf6 5. Nc3 Nc6 6. Be2 e6 7. Be3 Be7 8. 0-0 a6 9. Kh1 0-0 10. f4 Qc7 11. Rc1 Bd7 12. a3 b5 13. Nxc6 Bxc6 14. Bd3 Qb7 15. Qf3 a5 16. b4 axb4 17. axb4 d5 18. exd5 Nxd5 19. Nxd5 Bxd5 20. Qh3 f5 21. c3 Rf6 22. Rg1 Rh6 23. Qg3 Ra2 24. Rc2 Bh4 25. Qh3 Rxc2 26. Bxc2 Be1 27. Qxh6 gxh6 28. Rxe1 Bxg2+ 29. Kg1 Bh3 30. Re2 Qf3 0-1